1750 1980 1448 1052 1627 1384 1195 1472 1768 1470 1724 1994 1547 1000 1028 1079 1405 1570 1273 1531 1257 1281 1254 1720 1636 1034 1028 1203 1183 1891 1008 1989 1030 1266 1180 1204 1711 1891 1239 1988 1799 1234 1048 1403 1640 1443 1265 1061 1991 1599 1123 1610 1288 1800 1109 1402 1809 1737 1073 1089 1434 1361 1965 1994 1750 1127 1395 1709 1236 1211 1295 1254 1249 1962 1129 1035 1584 1262 1820 1504 1849 1444 1367 1927 1661 1949 1752 1060 1193 1323 1073 1887 1756 1205 1404 1146 1340 1496 1743 BCNSPRNW ULIB Ver.6.0+V

เปลี่ยนเป็นภาษาไทย

Change to English
 แสดงรายละเอียดบรรณานุกรม
  กลับหน้าหลัก

Brief Record : Get Marc (ISO 2709) : E-mail record : QR code < ปิดหน้าต่าง
LEADER : 00000nam 2200000uu 4500
001    13399122893
003     ULIB
008    131025s||||||||th 000 0 tha d
050  4 ^aBQ5618^bบ131
245 00 ^aบทสวดมนต์
260    ^aกรุงเทพฯ :^bแอคมี พริ้นติ้ง,^cม.ป.ป.
300    ^a322 หน้า :^bภาพประกอบ ;^c27 ซม.
650  4 ^aพุทธศาสนา^xบทสวดมนต์
945    ^p0^l0^i034111
999    ^aเกษร โพธิ์สุวรรณ
รายการนี้ยังไม่มีแท็ก
คุณยังไม่ได้ล็อกอิน คุณสามารถมีกิจกรรมร่วมกับเว็บไซต์ได้ แต่ต้องล็อกอินก่อน ::
  ล็อกอิน

รายการสื่อสารสนเทศ

ลำดับที่ ประเภท เลขเรียก/บาร์โค้ด สถานที่ สถานะ
1. การศึกษาทั่วไป
การศึกษาทั่วไป
BQ5618 บ131  
  Barcode: 034111
ห้องสมุดวิทยาเขตสวรรค์ประชารักษ์
►หนังสือทั่วไป
บนชั้น

รายการใกล้เคียง
    ชื่อเรื่อง [บทสวดมนต์]

BibComment


ยังไม่เคยถูกคอมเมนท์

คอมเมนท์ทรัพยากรรายการนี้
  คอมเมนท์: บทสวดมนต์


 Copyright 2026. Bcnsprnw @Library